Diseño conceptual de bases de datos: un enfoque de entidades-interrelaciones
Salvato in:
| Autori principali: | , , |
|---|---|
| Natura: | Libro |
| Lingua: | spagnolo |
| Pubblicazione: |
Wilmington
Addison-Wesley
1994
|
| Soggetti: | |
| Tags: |
Aggiungi Tag
Nessun Tag, puoi essere il primo ad aggiungerne!!
|
MARC
| LEADER | 00000nam a2200000 a 4500 | ||
|---|---|---|---|
| 001 | UCR7141 | ||
| 003 | CL-VaPUC | ||
| 008 | 980514e19940000US |||||||||||||||||spa|d | ||
| 082 | 0 | 4 | |a 005.74 |b BAT |2 21 |
| 100 | 0 | |a Batini, Carlo |e author |9 408458 | |
| 700 | 0 | |a Ceri, Stefano |e author |9 408459 | |
| 700 | 0 | |a Navathe, Shamkant B |e author |9 408460 | |
| 245 | 1 | 0 | |a Diseño conceptual de bases de datos: un enfoque de entidades-interrelaciones |
| 300 | |a 546 p | ||
| 942 | |c BK | ||
| 945 | |d 19980514 00:00:00 |a rbrito | ||
| 260 | |a Wilmington |b Addison-Wesley |c 1994 | ||
| 650 | 0 | |a Bases de datos |9 260577 | |
| 650 | 0 | |a Diseño de bases de datos |9 384787 | |
| 650 | 0 | |a Diseño lógico |9 262464 | |
| 583 | |a last modification |c 19980514 00:00:00 |k Rodrigo Vera | ||
| 999 | |c 268960 |d 268958 | ||
| 952 | |0 0 |1 0 |4 0 |6 005_740000000000000_BAT_1994 |7 0 |8 A |9 302502 |a BIBING |b BIBING |d 2019-11-20 |i 3419673 |o 005.74 BAT 1994 |p 3419673 |r 2025-01-20 |w 2019-11-20 |y BK |k EII | ||